000
00279nam a2200097Ia 4500
082
_a
J 520 KOTH
245
0
_a
Bright book of answers : earth and universe
100
_a
KOTHE, Rainer New Delhi, 2009
_9
91384
942
_c
BK
008
210817s9999 xx 000 0 und d
999
_c
369570
_d
369569